[Event "Montigny le Bretonneux-C 14th"]
[Site "Montigny le Bretonneux"]
[Date "2015.10.25"]
[Round "9.4"]
[White "Saarlainen, Lei"]
[Black "Mongey, Alain"]
[Result "1-0"]
[WhiteElo "1551"]
[BlackElo "1612"]
[PlyCount "53"]
[EventDate "2015.10.17"]
[EventType "tourn"]
[EventRounds "9"]
[EventCountry "FRA"]
[SourceTitle "EXT 2024"]
[Source "ChessBase"]
[SourceDate "2023.10.10"]
[SourceVersion "1"]
[SourceVersionDate "2023.10.10"]
[SourceQuality "1"]

1. e4 c5 2. d4 cxd4 3. c3 dxc3 4. Nxc3 Nc6 5. Nf3 e6 6. Bc4 Nge7 7. Bg5 h6 8. Bh4 Qb6 9. Nb5 Qa5+ 10. Kf1 Ng6 11. Bg3 d6 12. Bxd6 Be7 13. Nc7+ Kf8 14. Nxa8 b5 15. Be2 a6 16. Bc7 Qb4 17. Nb6 Bb7 18. Nd7+ Kg8 19. Nde5 Qxe4 20. Bd3 Qf4 21. Nxg6 Qxc7 22. Nxh8 Kxh8 23. Rc1 Qf4 24. Qd2 Qg4 25. h3 Qh5 26. Qf4 Qd5 27. Be4 1-0

[Event "Montigny le Bretonneux-C 14th"]
[Site "Montigny le Bretonneux"]
[Date "2015.10.21"]
[Round "5.4"]
[White "Poletto, Claude"]
[Black "Saarlainen, Lei"]
[Result "1/2-1/2"]
[WhiteElo "1632"]
[BlackElo "1551"]
[PlyCount "75"]
[EventDate "2015.10.17"]
[EventType "tourn"]
[EventRounds "9"]
[EventCountry "FRA"]
[SourceTitle "EXT 2024"]
[Source "ChessBase"]
[SourceDate "2023.10.10"]
[SourceVersion "1"]
[SourceVersionDate "2023.10.10"]
[SourceQuality "1"]

1. e4 e6 2. d4 d5 3. e5 c5 4. c3 Nc6 5. Nf3 Qb6 6. a3 a5 7. Be2 Nh6 8. Bd3 Bd7 9. Bc2 Nf5 10. Bxf5 exf5 11. 0-0 Be6 12. Qa4 Bd7 13. Qd1 Be6 14. Re1 h6 15. h4 c4 16. Qc2 a4 17. Be3 Be7 18. Nbd2 Qd8 19. g3 g5 20. hxg5 hxg5 21. Kg2 g4 22. Ng1 Bg5 23. Bxg5 Qxg5 24. Ne2 b5 25. Nf4 Ne7 26. Rh1 Kd7 27. Rxh8 Rxh8 28. Rh1 Rxh1 29. Kxh1 Ng6 30. Nxg6 fxg6 31. Nf1 Ke7 32. Qd2 Qh5+ 33. Kg1 g5 34. Ne3 f4 35. gxf4 gxf4 36. Ng2 f3 37. Nf4 Qh7 38. Qe1 1/2-1/2

[Event "Montigny le Bretonneux-C 14th"]
[Site "Montigny le Bretonneux"]
[Date "2015.10.20"]
[Round "4.4"]
[White "Saarlainen, Lei"]
[Black "Mourgues, Joelle"]
[Result "0-1"]
[WhiteElo "1551"]
[BlackElo "1605"]
[PlyCount "98"]
[EventDate "2015.10.17"]
[EventType "tourn"]
[EventRounds "9"]
[EventCountry "FRA"]
[SourceTitle "EXT 2024"]
[Source "ChessBase"]
[SourceDate "2023.10.10"]
[SourceVersion "1"]
[SourceVersionDate "2023.10.10"]
[SourceQuality "1"]

1. e4 c5 2. d4 cxd4 3. c3 Nf6 4. e5 Nd5 5. cxd4 e6 6. Nc3 Bb4 7. Qc2 Nc6 8. Nf3 Qb6 9. Be3 Nxe3 10. fxe3 d6 11. exd6 Bxd6 12. a3 0-0 13. Bd3 f5 14. g4 Qa5 15. Ke2 fxg4 16. Bxh7+ Kh8 17. Nd2 Qh5 18. Bg6 Qh4 19. Nce4 Be7 20. Ng3 Bd7 21. h3 Qxg3 22. hxg4+ Bh4 23. Qe4 Rf2+ 24. Kd3 Rf4 25. Rxh4+ Qxh4 26. exf4 Qg3+ 27. Nf3 Qh3 28. Kc2 Qg2+ 29. Kb3 Na5+ 30. Ka2 Bc6 31. Qe5 Bd5+ 32. Kb1 Qf1+ 33. Kc2 Qf2+ 34. Nd2 Rc8+ 35. Kd1 Qg1+ 36. Ke2 Qxg4+ 37. Kf2 Qg2+ 38. Ke1 Qxg6 39. Qe3 Qg2 40. Rd1 Qh1+ 41. Ke2 Qh5+ 42. Ke1 Nc4 43. Nxc4 Rxc4 44. Kd2 Qf5 45. Rc1 Rxc1 46. Kxc1 Qe4 47. Qh3+ Kg8 48. Qc3 Qxf4+ 49. Kb1 Qf1+ 0-1

[Event "Montigny le Bretonneux op 13th"]
[Site "Montigny le Bretonneux"]
[Date "2014.10.24"]
[Round "7"]
[White "Mousset Evtouchenko, Nina"]
[Black "Saarlainen, Lei"]
[Result "0-1"]
[WhiteElo "1666"]
[BlackElo "1545"]
[PlyCount "70"]
[EventDate "2014.10.18"]
[EventType "swiss"]
[EventRounds "9"]
[EventCountry "FRA"]
[SourceTitle "EXT 2016"]
[Source "ChessBase"]
[SourceDate "2015.10.08"]
[SourceVersion "1"]
[SourceVersionDate "2015.10.08"]
[SourceQuality "1"]

1. e4 e6 2. Qe2 c5 3. Nf3 Nc6 4. g3 Nge7 5. Nc3 Nb4 6. Qd1 d5 7. exd5 exd5 8. d4 Bf5 9. Bb5+ Nec6 10. Bd3 Bxd3 11. cxd3 Nxd4 12. Nxd4 cxd4 13. Ne2 Bc5 14. 0-0 0-0 15. a3 Nc6 16. b4 Bb6 17. Bb2 Qf6 18. Nf4 Rad8 19. Qb3 Qf5 20. Ng2 Ne5 21. Nh4 Qxd3 22. Qa2 g5 23. Rad1 Qc4 24. Qxc4 dxc4 25. Nf5 c3 26. Bc1 c2 27. Rd2 Nf3+ 28. Kg2 Nxd2 29. Bxd2 f6 30. Re1 Rde8 31. Rc1 d3 32. Ne3 a5 33. bxa5 Bc5 34. Bb4 Bxe3 35. fxe3 d2 0-1

[Event "Montigny le Bretonneux op 13th"]
[Site "Montigny le Bretonneux"]
[Date "2014.10.22"]
[Round "5"]
[White "Verat Fayolle, Celian"]
[Black "Saarlainen, Lei"]
[Result "0-1"]
[WhiteElo "1302"]
[BlackElo "1545"]
[PlyCount "126"]
[EventDate "2014.10.18"]
[EventType "swiss"]
[EventRounds "9"]
[EventCountry "FRA"]
[SourceTitle "EXT 2016"]
[Source "ChessBase"]
[SourceDate "2015.10.08"]
[SourceVersion "1"]
[SourceVersionDate "2015.10.08"]
[SourceQuality "1"]

1. e4 e6 2. d4 d5 3. exd5 exd5 4. c4 dxc4 5. Bxc4 Bd6 6. Nc3 Nf6 7. Bg5 h6 8. Bh4 g5 9. Bg3 0-0 10. Nge2 Bf5 11. 0-0 Nc6 12. f4 Nh5 13. fxg5 Qxg5 14. Bxd6 cxd6 15. d5 Ne5 16. Nd4 Qe3+ 17. Kh1 Bg4 18. Be2 Bxe2 19. Qxe2 Ng3+ 20. hxg3 Qxd4 21. Ne4 Rad8 22. Rac1 f5 23. Rfd1 Qxe4 24. Qh5 Rf7 25. Kg1 Qe3+ 26. Kf1 Qg5 27. Qxg5+ hxg5 28. Ke2 Kg7 29. Rh1 Ng4 30. Rh5 Re8+ 31. Kd3 Kg6 32. Rch1 Nf2+ 33. Kd4 Re4+ 34. Kc3 Nxh1 35. Rxh1 Re3+ 36. Kc4 Rc7+ 37. Kd4 Rxg3 38. Re1 Rc4+ 39. Kxc4 Rxg2 40. Re6+ Kh5 41. Rxd6 f4 42. Rf6 Kg4 43. Kd3 f3 44. d6 Rh2 45. Rf8 Rh7 46. Ke3 Rd7 47. Rf6 Rd8 48. Rxf3 Rxd6 49. Rf2 Re6+ 50. Kd2 Re7 51. Rf1 Kh3 52. Rh1+ Kg2 53. Rh5 g4 54. Rg5 g3 55. Kc3 Rf7 56. Kd2 Kf2 57. Kd3 g2 58. Kc4 g1Q 59. Rxg1 Kxg1 60. b4 Rf5 61. a4 Kf2 62. b5 b6 63. Kb3 Rf4 0-1